|
|
|
|
| LEADER |
00000nam a2200000 a 4500 |
| 001 |
vtls001327760 |
| 003 |
SK-MaSNL |
| 005 |
20260301065802.0 |
| 008 |
240313s1974 xx 00000 und |
| 035 |
|
|
|a SNK000280570
|
| 040 |
|
|
|a SNK
|b slo
|c SNK
|e AACR2
|
| 041 |
0 |
|
|a cze
|
| 044 |
|
|
|a xr
|c CZ
|
| 072 |
|
7 |
|a 821.162.3
|x Česká literatura
|2 SNKPHeng
|
| 080 |
|
|
|a 821.162.3
|2 2011
|
| 080 |
|
|
|a (075)
|2 2011
|
| 100 |
1 |
|
|a Václavek, Bedřich,
|d 1897-1943
|4 aut
|9 189922
|
| 245 |
1 |
0 |
|a Česká literatura XX. století
|c Bedřich Václavek ; [úvodné slovo a doslov napsal Václav Pekárek ; text připravil a rejstřík sestavil Otakar Mohyla]
|
| 250 |
|
|
|a 1. vyd.
|
| 260 |
|
|
|a Praha
|b Československý spisovatel
|c 1974
|
| 300 |
|
|
|a 154 s.
|c 20 cm
|
| 366 |
|
|
|e 6 000 kusov
|
| 500 |
|
|
|a Celkovo 3. vyd.
|
| 648 |
|
7 |
|a 20. stor.
|2 SVKBB
|9 275975
|
| 650 |
0 |
7 |
|a česká literatúra
|2 SNKPH
|9 1178
|
| 650 |
0 |
7 |
|a Czech literature
|2 SNKPHeng
|9 270822
|
| 655 |
|
7 |
|a učebnice
|2 SNKPH
|9 22521
|
| 655 |
|
7 |
|a Textbooks
|2 SNKPHeng
|9 276731
|
| 700 |
1 |
|
|a Pekárek, Václav
|4 aui
|4 aft
|9 385044
|
| 700 |
1 |
|
|a Mohyla, Otakar
|4 oth
|9 385045
|
| 852 |
|
|
|a Štátna vedecká knižnica v Banskej Bystrici
|
| 958 |
|
|
|a OND
|
| 999 |
|
|
|c 631995
|d 633925
|
| 952 |
|
|
|a SNK
|b SNK
|y VYP
|7 0
|p 17A0113326
|o snkIC 57229 D1
|i snkKIP 3822/74
|0 0
|1 1
|4 0
|d 1998-04-15
|l 0
|r 2005-01-02 00:00:00
|w 2026-02-23
|
| 952 |
|
|
|a SNK
|b SNK
|y VYP
|7 0
|p 17A0135575
|o snkIC 57229
|0 0
|1 0
|4 0
|d 1998-04-20
|l 0
|r 2005-01-02 00:00:00
|w 2026-02-23
|